Baba Nanak/ (Record no. 172721)

MARC details
000 -LEADER
fixed length control field 00564nam a22001937a 4500
005 - DATE AND TIME OF LATEST TRANSACTION
control field 20200211174330.0
010 ## - LCCN (DPL NO)
LC control number ENG-127696
020 ## - INTERNATIONAL STANDARD BOOK NUMBER
Terms of availability 1695.00
International Standard Book Number 9789383723379
035 ## - SYSTEM CONTROL NUMBER
System control number EN-111228
037 ## - SOURCE OF ACQUISITION
Source of stock number/acquisition DBAD/PUB
082 ## - DEWEY DECIMAL CLASSIFICATION NUMBER
Classification number 260.52
100 ## - MAIN ENTRY--PERSONAL NAME
Personal name Gill,Harjeet Singh
245 ## - TITLE STATEMENT
Title Baba Nanak/
Statement of responsibility, etc by Harjeet Singh Gill
250 ## - EDITION STATEMENT
Edition statement 3rd rev.
260 ## - PUBLICATION, DISTRIBUTION, ETC. (IMPRINT)
Place of publication, distribution, etc Delhi
Date of publication, distribution, etc 2018
Name of publisher, distributor, etc LG Publishers Distributors
270 ## - ADDRESS
Address 49,Street No.14, Pratap Nagar,
-- Mayur Vihar Phase1,
Postal code 110091
300 ## - PHYSICAL DESCRIPTION
Extent 262p.
Other physical details 25cm(hb)
942 ## - ADDED ENTRY ELEMENTS (KOHA)
Source of classification or shelving scheme Dewey Decimal Classification
Item type English Books
Classification part 260.52
Call number suffix GIL
Edition 3rd
Holdings
Withdrawn status Lost status Not for loan Collection code Home library Current library Date acquired Source of acquisition Cost, normal purchase price Full call number Barcode Copy number Cost, replacement price Koha item type
      Non-fiction Sarojini Nagar Sarojini Nagar 11/02/2020 DBAD/PUB 1695.00 260.52 GIL EN-111228 1 1695.00 English Books

© Delhi Public Library
Hit Counter
free hit counter